Normal view
MARC view
- Parker, Jan
Entry Personal Name
001 - CONTROL NUMBER
- control field: 122903
003 - CONTROL NUMBER IDENTIFIER
- control field: NUST
005 - DATE AND TIME OF LATEST TRANSACTION
- control field: 20240523150046.0
008 - FIXED-LENGTH DATA ELEMENTS
- fixed length control field: 240523|| aca||aabn | a|a d
040 ## - CATALOGING SOURCE
- Original cataloging agency: NUST
- Transcribing agency: NUST
100 ## - HEADING--PERSONAL NAME
- Personal name: Parker, Jan
670 ## - SOURCE DATA FOUND
- Source citation: Work cat.: (NUST): Parker, Jan, Raising Happy Brothers & Sister
